Earthen architecture : past, present and future, proceedings of the International Conference on Vernacular Heritage, Sustainability and Earthen Architecture, Valencia, Spain, 11-13 September 2014 /

Earthen architecture is widespread all over the world and demonstrates a significant richness of varieties both in application and in materials used. This book discusses and debates the lessons that can be learned from earthen architecture to create sustainable architecture today, both for the conse...

Full description

Bibliographic Details
Corporate Authors: International Conference on Vernacular Heritage, Sustainability and Earthen Architecture Valencia, Spain, Taylor & Francis
Other Authors: Mileto, Camilla (Editor), Vegas, Fernando (Editor), García Soriano, L. (Editor), Cristini, Valentina (Editor)
Format: Conference Proceeding eBook
Language:English
Published: Leiden, The Netherlands : CRC Press/Balkema, [2015]
Series:Balkema Book
Subjects:
Online Access:Connect to the full text of this electronic book

MARC

Tag First Indicator Second Indicator Subfields
LEADER 00000cam a2200000 i 4500
001 in00005521189
006 m o d
007 cr |||||||||||
008 141001t20152015ne a ob 101 0 eng d
005 20241108165545.4
035 |a (OCoLC)ocn891744943 
040 |a CUS  |b eng  |e rda  |e pn  |c CUS  |d WAU  |d CAUOI  |d CRCPR  |d OCLCQ  |d E7B  |d N$T  |d YDXCP  |d IDEBK  |d COO  |d OCLCF  |d EBLCP  |d DEBSZ  |d DEBBG  |d OCL  |d OCLCO  |d OTZ  |d OCLCQ  |d UAB  |d ERL  |d OCLCQ  |d CEF  |d OCLCQ  |d U3W  |d NLE  |d UKMGB  |d S9I  |d TYFRS  |d LEAUB  |d YDX  |d OCLCQ  |d UKBTH  |d OCLCQ  |d OCLCO  |d OCLCQ  |d SFB  |d OCLCO  |d OCLCL  |d OCLCQ 
015 |a GBB795225  |2 bnb 
016 7 |a 018362757  |2 Uk 
019 |a 893680313  |a 897069640  |a 900017622  |a 901248163  |a 908034391  |a 935243669 
020 |a 9781315736877 
020 |a 131573687X 
020 |a 1322625263 
020 |a 9781322625263 
020 |a 9781317568377 
020 |a 1317568370 
020 |a 9781317568353 
020 |a 1317568354 
020 |a 9781317568360 
020 |a 1317568362 
020 |z 1138027111 
020 |z 9781138027114 
024 7 |a 10.1201/b17392  |2 doi 
035 |a (OCoLC)891744943  |z (OCoLC)893680313  |z (OCoLC)897069640  |z (OCoLC)900017622  |z (OCoLC)901248163  |z (OCoLC)908034391  |z (OCoLC)935243669 
037 |a 693808  |b MIL 
050 4 |a TH1421 
072 7 |a TEC  |x 005000  |2 bisacsh 
072 7 |a HOU  |2 ukslc 
082 0 4 |a 624.15  |b I612 
049 |a TXAM 
111 2 |a International Conference on Vernacular Heritage, Sustainability and Earthen Architecture  |d (2014 :  |c Valencia, Spain) 
245 1 0 |a Earthen architecture :  |b past, present and future, proceedings of the International Conference on Vernacular Heritage, Sustainability and Earthen Architecture, Valencia, Spain, 11-13 September 2014 /  |c editors, C. Mileto, F. Vegas, L. García Soriano & V. Cristini. 
264 1 |a Leiden, The Netherlands :  |b CRC Press/Balkema,  |c [2015] 
264 4 |c ©2015 
300 |a 1 online resource (xiii, 373 pages) :  |b illustrations 
336 |a text  |b txt  |2 rdacontent 
337 |a computer  |b c  |2 rdamedia 
338 |a online resource  |b cr  |2 rdacarrier 
347 |a data file 
490 0 |a Balkema Book 
504 |a Includes bibliographical references and index. 
588 0 |a Online resoure; title from PDF title page (CRCnetBASE, viewed October 1, 2014). 
505 0 |a Plenary lectures -- Lectures. 
520 |a Earthen architecture is widespread all over the world and demonstrates a significant richness of varieties both in application and in materials used. This book discusses and debates the lessons that can be learned from earthen architecture to create sustainable architecture today, both for the conservation of traditional existing buildings and the design and construction of new ones. It deals with the study of earthen architecture around the world in order to preserve our earthen built heritage and proposes these building techniques as a sustainable option for building a new architecture of th. 
650 0 |a Earth construction  |v Congresses. 
650 0 |a Sustainable development  |v Congresses. 
650 6 |a Développement durable  |v Congrès. 
650 7 |a TECHNOLOGY & ENGINEERING  |x Construction  |x General.  |2 bisacsh 
650 7 |a Earth construction  |2 fast 
650 7 |a Sustainable development  |2 fast 
655 7 |a Electronic books.  |2 local 
655 7 |a Conference papers and proceedings  |2 fast 
700 1 |a Mileto, Camilla,  |e editor. 
700 1 |a Vegas, Fernando,  |e editor. 
700 1 |a García Soriano, L.,  |e editor. 
700 1 |a Cristini, Valentina,  |e editor. 
710 2 |a Taylor & Francis. 
776 0 8 |t Earthen architecture.  |d [S.l.] : Crc Press, 2014  |z 1138027111  |w (OCoLC)883647773 
856 4 0 |u http://proxy.library.tamu.edu/login?url=https://www.taylorfrancis.com/books/9780429226786  |z Connect to the full text of this electronic book  |t 0 
955 |a Taylor and Francis ENGnetBASE 
994 |a 92  |b TXA 
999 f f |s a77247f2-348d-4089-b8ef-1208a35bc7f0  |i f5e99098-c752-465b-a2f2-1554fffce0be  |t 0 
952 f f |a Texas A&M University  |b College Station  |c Electronic Resources  |d Available Online  |t 0  |e TH1421   |h Library of Congress classification 
998 f f |a TH1421   |t 0  |l Available Online